| 000 | 00813cab a2200205 4500 | ||
|---|---|---|---|
| 001 | ABS40335 | ||
| 008 | 090401t1989 xxu||||| |||| 00| 0 eng d | ||
| 035 | _a(Sirsi) u23144 | ||
| 041 | _aeng | ||
| 100 | _aCoomber, M. | ||
| 245 | _aNew sun rising | ||
| 260 | _c1989 | ||
| 350 | _a0 | ||
| 490 |
_aBuilding _v254(7583) 3 February 1989, 45-49(5) |
||
| 520 | _aDescribes the re development of the Whitefriars site in Fleet Street , highlighting the fresh approach brought to UK construction practice by Japan ese contractor Kumagai Gumi `s attitude towards the management and running of the contract. The £40m office project is being developed behind the retained Georgian facade. | ||
| 650 | _aFAST TRACK CONSTRUCTION | ||
| 690 | _aBUILDING AND CONSTRUCTION-PROJECTS | ||
| 942 | _n0 | ||
| 948 | _c04/03/1997 | ||
| 999 |
_c15499 _d15499 |
||